LIBRARY & INFORMATION CENTRE, KCAET, TAVANUR

ONLINE PUBLIC ACCESS CATALOGUE (OPAC)

Cobol Programming : Including MS Cobol and Cobol-85 / (Record no. 2765)

MARC details
000 -LEADER
fixed length control field 00591cam a2200217ua 4500
020 ## - INTERNATIONAL STANDARD BOOK NUMBER
ISBN 0-07-460318-3
041 ## - LANGUAGE CODE
Language code of text/sound track or separate title eng
082 ## - DEWEY DECIMAL CLASSIFICATION NUMBER
Classification number 005.133
Item number ROY/CO
100 ## - MAIN ENTRY--AUTHOR NAME
Personal name ROY , M.K .
245 ## - TITLE STATEMENT
Title Cobol Programming : Including MS Cobol and Cobol-85 /
250 ## - EDITION STATEMENT
Edition statement 2 /
260 ## - PUBLICATION, DISTRIBUTION, ETC. (IMPRINT)
Place of publication New Delhi :
Name of publisher Tata Me-Grew -hill Publishing Co; Ltd ,
Year of publication 1989.
300 ## - PHYSICAL DESCRIPTION
Number of Pages 496 ; .
500 ## - GENERAL NOTE
General note 17962, 17963, CSS
700 1# - ADDED ENTRY--PERSONAL NAME
Personal name Dastidar, Ghosh .D .
942 ## - ADDED ENTRY ELEMENTS (KOHA)
Koha item type Books
Holdings
Withdrawn status Lost status Damaged status Home library Current library Date acquired Full call number Accession Number Koha item type
      KAUAET   07/04/2012 005.133 17962 Books
      KAUAET KAUAET 07/04/2012 005.133 17963 Books
free website counter